Applied functional analysis
Αποθηκεύτηκε σε:
| Κύριος συγγραφέας: | |
|---|---|
| Άλλοι συγγραφείς: | |
| Μορφή: | Βιβλίο |
| Γλώσσα: | English |
| Δημοσίευση: |
Boca Raton, London :
CRC Press,
2010
|
| Έκδοση: | 2nd ed. |
| Θέματα: | |
| Ετικέτες: |
Προσθήκη ετικέτας
Δεν υπάρχουν, Καταχωρήστε ετικέτα πρώτοι!
|
MARC
| LEADER | 00000nam a2200000 i 4500 | ||
|---|---|---|---|
| 001 | 1/29817 | ||
| 008 | 130521s2010 eng d | ||
| 020 | |a 978-1-4200-9195-3 | ||
| 035 | |l 10114449 | ||
| 040 | |a GR-MY-UA |b gre |e aacr | ||
| 041 | 0 | |a eng | |
| 082 | 0 | |a 515.7 |2 (22) | |
| 100 | 1 | |a Oden, J. Tinsley |q (John Tinsley) |d 1936- | |
| 245 | 1 | 0 | |a Applied functional analysis / |c J. Tinsley Oden, Leszek F. Demkowicz |
| 250 | |a 2nd ed. | ||
| 260 | |a Boca Raton, London : |b CRC Press, |c 2010 | ||
| 300 | |a 578 σ.; |b διαγρ.; |c 24 εκ. | ||
| 504 | |a Περιλαμβάνει ευρετήριο | ||
| 650 | 0 | 0 | |a Functional analysis. |
| 700 | 1 | |a Demkowicz, Leszek F. | |
| 852 | |a INST |b CHIOS |e 20130821 |h 515.7 ODE |p 005200034795 |q 005200034795 |t BK |y 0 | ||
| 852 | |a INST |b CHIOS |e 20130521 |h 515.7 ODE |p 005200035311 |q 005200035311 |t BK |y 0 | ||
| 901 | |a BIBL2-2013-2 | ||
| 901 | |a BIBL2-2013-2 | ||
| 909 | |a Χ |b 177332 | ||
| 909 | |a Χ |b 181652 | ||
| 922 | |a 2ΕΛΗ |b 201210 |c ΤΑΚ/ΤΜΟΔ |d ΙΩΑΝΝΙΔΟΥ | ||
| 922 | |a 2ΕΛΗ |b 201307 |c ΤΑΚ/ΤΜΟΔ |d ΔΡΕΣ | ||
| 970 | |a ΠΟΥΛΑΚΗ |b ΣΤΕΛΛΑ |z 2013/05/21 | ||